Statistics for Wikipedia Languages

Click here to take the quiz!

General Stats

  • This quiz has been taken 41,770 times
    (19,307 since last reset)
  • The average score is 45 of 80

Answer Stats

Users Language % Correct
812 kSimple English
100%
35.8 mEnglish
100%
5.34 mSpanish
99%
3.37 mFrench
98%
2.69 mChinese
98%
3.13 mGerman
96%
2.48 mRussian
94%
2.21 mPortuguese
94%
1.45 mJapanese
92%
109 kEgyptian Arabic
91%
1.79 mItalian
91%
1.63 mArabic
91%
659 kSwedish
88%
979 kDutch
84%
269 kGreek
83%
942 kPolish
82%
435 kHindi
81%
555 kKorean
81%
410 kFinnish
80%
1.02 mTurkish
78%
95.3 kNorwegian
(Nynorsk)
77%
454 kNorwegian
(Bokmål)
77%
466 kRomanian
74%
347 kDanish
74%
443 kUkrainian
72%
347 kThai
71%
238 kSerbian
70%
407 kHungarian
70%
651 kVietnamese
70%
214 kCroatian
69%
445 kCzech
68%
170 kSlovak
67%
82.0 kLatvian
66%
130 kLithuanian
65%
248 kBulgarian
65%
125 kEstonian
65%
231 kMalay
64%
805 kPersian
63%
98.5 kTagalog
60%
177 kSlovenian
60%
76.0 kClassical Chinese
59%
109 kAfrikaans
58%
1.04 mIndonesian
58%
112 kAlbanian
57%
497 kHebrew
56%
167 kCantonese
55%
113 kBosnian
55%
91.9 kUrdu
55%
66.2 kIcelandic
53%
57.0 kMongolian
52%
84.1 kBelarusian
51%
58.6 kBelarusian
(Taraškievica)
51%
219 kBengali
51%
83.4 kArmenian
47%
85.0 kKazakh
46%
80.4 kMacedonian
45%
109 kGeorgian
43%
150 kTamil
42%
116 kLatin
39%
170 kAzerbaijani
37%
57.4 kBurmese
36%
317 kCatalan
32%
53.8 kWelsh
31%
58.2 kWu
24%
97.8 kBasque
21%
156 kEsperanto
19%
47.9 kGujarati
18%
83.0 kTelugu
16%
103 kMarathi
13%
56.4 kScots
13%
95.7 kGalician
12%
121 kMalayalam
11%
53.4 kKannada
11%
132 kSerbo-Croatian
10%
53.0 kBreton
7%
55.8 kCebuano
6%
97.3 kAnglo-Saxon
5%
68.5 kAlemannic
4%
51.4 kAsturian
4%
51.4 kAragonese
3%

Score Distribution

Percentile by Number Answered

Percent of People with Each Score

Your Score History

You have not taken this quiz since the last reset